| 000 | 01017cam a2200277 4500 | ||
|---|---|---|---|
| 001 | 8018 | ||
| 003 | BD-RjUL | ||
| 005 | 20211208234518.0 | ||
| 008 | 140116t19701969pk b 000 0 eng d | ||
| 035 | _a(BD-RjUL)8063 | ||
| 040 |
_aDLC _cDLC _d(BD-RjUL) _beng |
||
| 041 | _aeng | ||
| 082 | 0 | 0 |
_a354.549 _bHOA 1970 _223 |
| 100 | 1 |
_aHoque, Abunasar Shamsul _d1932- _925019 |
|
| 245 | 1 | 0 |
_aAdministrative reform in Pakistan : _ban analysis of Reform Commission reports in the light of United Nations doctrine / _cAbunasar Shamsul Hoque. |
| 260 |
_aDacca : _bNational Institute of Public Administration; _cc.1969 [1970] |
||
| 300 |
_axv, 380 p. ; _c24 cm. |
||
| 350 | _aRs20.00 | ||
| 500 | _a"Thesis approved for the degree of Doctor of Philosophy at the Duke University, U.S.A." | ||
| 504 | _aBibliography: p. [339]-357. | ||
| 650 | 0 |
_aCivil service _zPakistan. _917468 |
|
| 650 | 0 |
_aPublic administration. _925020 |
|
| 651 | 0 |
_aPakistan _xPolitics and government. _96486 |
|
| 942 |
_2ddc _cBK |
||
| 999 |
_c8018 _d8018 |
||